|
|
|
|
| LEADER |
00638nab a2200181 i 4500 |
| 001 |
delm82919 |
| 005 |
20191018102855.0 |
| 008 |
191018s1997 hu o 0|| hun d |
| 040 |
|
|
|a SZTE Délmagyarország Archívum
|b hun
|
| 041 |
|
|
|a hun
|
| 100 |
1 |
|
|a Hollósi Zsolt
|
| 245 |
1 |
0 |
|a Globális látomásszínház
|h [elektronikus dokumentum] :
|b Mefistofele premier előtt /
|c Hollósi Zsolt
|
| 260 |
|
|
|c 1997-05-08
|
| 300 |
|
|
|a 6
|
| 490 |
0 |
|
|a Délmagyarország
|v 87 No. 106
|
| 695 |
|
|
|a Szegedi Nemzeti Színház, Szeged, Színház opera nagyszínház Szeged, Mefistofele (színházi ea.)
|
| 700 |
0 |
1 |
|a Boito, Arrigo
|e aut
|
| 700 |
0 |
1 |
|a Kovalik Balázs
|e aut
|